[Event "Aeroflot Open 2012 A"]
[Site "Moscow"]
[Date "2012.02.11"]
[Round "5"]
[White "Bosiocic, Marin"]
[Black "Lu, Shanglei"]
[Result "1/2-1/2"]
[WhiteElo "2580"]
[BlackElo "2516"]
[PlyCount "73"]
[EventDate "2012.02.07"]
[EventRounds "9"]
[EventCountry "RUS"]

1. d4 e6 2. c4 Nf6 3. g3 d5 4. Nf3 dxc4 5. Bg2 c5 6. O-O Nc6 7. dxc5 Bd7 8.
Nbd2 Na5 9. Ne5 Bb5 10. c6 Nxc6 11. Nxc6 Bxc6 12. Bxc6+ bxc6 13. Nxc4 Qd5 14.
Qc2 Be7 15. Rd1 Qb5 16. a4 Qa6 17. Nd6+ Bxd6 18. Rxd6 Rc8 19. Bg5 O-O 20. Bxf6
gxf6 21. Rad1 Qa5 22. Rxc6 Rxc6 23. Qxc6 Rb8 24. Qc2 Qb4 25. Qc7 Qxb2 26. Qxa7
Rb4 27. e3 Qe2 28. Ra1 Qb2 29. Rd1 Qe2 30. Rc1 Kg7 31. h4 Qd2 32. Ra1 Qb2 33.
Rd1 Qe2 34. Qd7 Rb2 35. Rf1 Ra2 36. Qc6 Qg4 37. Kg2 1/2-1/2

[Event "Aeroflot Open 2012 A"]
[Site "Moscow"]
[Date "2012.02.11"]
[Round "5"]
[White "Shen, Yang"]
[Black "Shomoev, Anton"]
[Result "0-1"]
[WhiteElo "2447"]
[BlackElo "2570"]
[PlyCount "80"]
[EventDate "2012.02.07"]
[EventRounds "9"]
[EventCountry "RUS"]

1. d4 Nf6 2. c4 e6 3. Nc3 Bb4 4. Qc2 c5 5. dxc5 O-O 6. a3 Bxc5 7. Nf3 Nc6 8.
Bg5 b6 9. O-O-O Bb7 10. e4 h6 11. Bh4 e5 12. g4 Nd4 13. Qd3 Re8 14. g5 hxg5 15.
Bxg5 Be7 16. Nxd4 exd4 17. Qxd4 Nxe4 18. Bxe7 Qxe7 19. Rg1 g6 20. Nxe4 Bxe4 21.
Re1 Qh4 22. Rg3 Qh6+ 23. Qe3 Qf8 24. Qg5 Bf5 25. Rd1 Qc5 26. Qd2 Re4 27. Re3
Rh4 28. h3 Rc8 29. Qc3 Be6 30. Qf6 Qh5 31. Rf3 Qh8 32. Qe7 Qh6+ 33. Kb1 Rf4 34.
Rg3 Rxf2 35. Bd3 Qg7 36. Qb4 Bxc4 37. Rc1 Ba2+ 38. Kxa2 Rxc1 39. Re3 Rc8 40.
Re7 Qf6 0-1

[Event "Aeroflot Open 2012 A"]
[Site "Moscow"]
[Date "2012.02.11"]
[Round "5"]
[White "Paikidze, Nazi"]
[Black "Tukhaev, Adam"]
[Result "0-1"]
[WhiteElo "2411"]
[BlackElo "2537"]
[PlyCount "98"]
[EventDate "2012.02.07"]
[EventRounds "9"]
[EventCountry "RUS"]

1. d4 Nf6 2. c4 g6 3. Nc3 d5 4. cxd5 Nxd5 5. e4 Nxc3 6. bxc3 c5 7. Bc4 Bg7 8.
Ne2 Nc6 9. Be3 O-O 10. O-O Bg4 11. f3 Na5 12. Bd3 cxd4 13. cxd4 Be6 14. d5 Bxa1
15. Qxa1 f6 16. Qd4 Bf7 17. Bh6 Re8 18. Bb5 e5 19. Qf2 Re7 20. Bd3 Be8 21. f4
Rf7 22. Qg3 exf4 23. Bxf4 Rc8 24. h4 Nc4 25. h5 g5 26. h6 Kh8 27. Bxc4 gxf4 28.
Qb3 Qd6 29. Bd3 Qf8 30. Nxf4 Qxh6 31. Be2 Qg5 32. Qe3 b6 33. Rf3 Rg7 34. Rh3
Rc2 35. Qf3 Bd7 36. Rh5 Qg3 37. Qxg3 Rxg3 38. e5 fxe5 39. Rxe5 Rxa2 40. Nh5 Rg6
41. Re7 Rd6 42. Bg4 Ra1+ 43. Kh2 Ra4 44. Nf6 Rxf6 45. Bxd7 Ra2 46. Be6 Rg6 47.
d6 Raxg2+ 48. Kh3 Rd2 49. d7 Rxe6 0-1

[Event "Aeroflot Open 2012 A"]
[Site "Moscow"]
[Date "2012.02.12"]
[Round "6"]
[White "Korobov, Anton"]
[Black "Rodshtein, Maxim"]
[Result "1-0"]
[WhiteElo "2660"]
[BlackElo "2634"]
[PlyCount "68"]
[EventDate "2012.02.07"]
[EventType "swiss"]
[EventRounds "9"]
[EventCountry "RUS"]

1. d4 Nf6 2. c4 g6 3. Nc3 d5 4. cxd5 Nxd5 5. e4 Nxc3 6. bxc3 Bg7 7. Bc4 c5 8.
Ne2 Nc6 9. Be3 O-O 10. O-O b6 11. Qd2 e6 12. Rad1 Bb7 13. Bh6 Rc8 14. Bxg7 Kxg7
15. Rfe1 Qd6 16. Qe3 Rfd8 17. h4 Na5 18. Bb3 Qe7 19. h5 Qh4 20. Ng3 cxd4 21.
cxd4 Nc4 22. Bxc4 Rxc4 23. d5 Qe7 24. h6+ Kg8 25. dxe6 fxe6 26. Rxd8+ Qxd8 27.
Qb3 Qc7 28. Rd1 Kf7 29. Qf3+ Ke7 30. Qe3 Rc5 31. Ne2 e5 32. Kh2 Kf6 33. Qf3+
Ke7 34. Ng1 Rc6 1-0

[Event "Aeroflot Open 2012 A"]
[Site "Moscow"]
[Date "2012.02.12"]
[Round "6"]
[White "Caruana, Fabiano"]
[Black "Melkumyan, Hrant"]
[Result "1-0"]
[WhiteElo "2736"]
[BlackElo "2620"]
[PlyCount "79"]
[EventDate "2012.02.07"]
[EventType "swiss"]
[EventRounds "9"]
[EventCountry "RUS"]

1. c4 e6 2. Nc3 d5 3. d4 Be7 4. cxd5 exd5 5. Bf4 c6 6. e3 Bf5 7. g4 Be6 8. h4
Nd7 9. g5 h6 10. g6 fxg6 11. Bd3 Nf8 12. Nf3 Bf5 13. Ne5 Nf6 14. Rg1 Ne4 15.
Bxe4 Bxe4 16. Nxe4 dxe4 17. Qb3 Qa5+ 18. Kf1 Qb5+ 19. Qxb5 cxb5 20. Rc1 Bxh4
21. Bh2 Bd8 22. Rg4 Nd7 23. Rxg6 Bf6 24. Rc7 Nf8 25. Rg4 Ne6 26. Rxb7 O-O 27.
Nd7 Rf7 28. Rxe4 Rd8 29. Nxf6+ Rxf6 30. Rxa7 Rc8 31. d5 Ng5 32. Ree7 Rc1+ 33.
Kg2 Rg6 34. Bg3 h5 35. d6 Rd1 36. d7 Kh7 37. Ra8 h4 38. d8=Q Rxd8 39. Rxd8 hxg3
40. f4 1-0

[Event "Aeroflot Open 2012 A"]
[Site "Moscow"]
[Date "2012.02.12"]
[Round "6"]
[White "Balogh, Csaba"]
[Black "Tomashevsky, Evgeny"]
[Result "1/2-1/2"]
[WhiteElo "2665"]
[BlackElo "2740"]
[PlyCount "40"]
[EventDate "2012.02.07"]
[EventType "swiss"]
[EventRounds "9"]
[EventCountry "RUS"]

1. e4 e5 2. Nf3 Nc6 3. Bb5 a6 4. Ba4 Nf6 5. O-O Be7 6. Re1 b5 7. Bb3 O-O 8. c3
d5 9. exd5 Nxd5 10. Nxe5 Nxe5 11. Rxe5 c6 12. d4 Bd6 13. Re1 Qh4 14. g3 Qh3 15.
Be3 Bg4 16. Qd3 Nxe3 17. Rxe3 c5 18. Bd5 Rad8 19. Nd2 Bb8 20. Bg2 Qh6 1/2-1/2

[Event "Aeroflot Open 2012 A"]
[Site "Moscow"]
[Date "2012.02.12"]
[Round "6"]
[White "Sasikiran, Krishnan"]
[Black "Bartel, Mateusz"]
[Result "0-1"]
[WhiteElo "2700"]
[BlackElo "2658"]
[PlyCount "86"]
[EventDate "2012.02.07"]
[EventType "swiss"]
[EventRounds "9"]
[EventCountry "RUS"]

1. d4 d5 2. c4 e6 3. Nf3 c6 4. Qc2 dxc4 5. Qxc4 Nf6 6. Bg5 b5 7. Qc2 Bb7 8. e3
Nbd7 9. Nbd2 a6 10. a4 h6 11. Bxf6 gxf6 12. Be2 Rc8 13. O-O Be7 14. Rfd1 Qb6
15. e4 c5 16. d5 c4 17. axb5 axb5 18. dxe6 fxe6 19. Nh4 Bc5 20. Bh5+ Kd8 21.
Ng6 Bxf2+ 22. Kh1 Rg8 23. Nf3 Bc5 24. Nf4 Ke7 25. Ng6+ Kd8 26. Qd2 Rc7 27. Qxh6
Kc8 28. Nf4 Bxe4 29. Bf7 Rxg2 30. Kxg2 Bxf3+ 31. Kxf3 Ne5+ 32. Ke2 Nxf7 33. Qg6
Re7 34. Ra8+ Kc7 35. Rf8 Ne5 36. Qxf6 Nd7 37. Rxd7+ Kxd7 38. Ng6 Qb7 39. Ne5+
Kc7 40. Nf3 Qe4+ 41. Kf1 Qd3+ 42. Kg2 Qe2+ 43. Kg3 Bd6+ 0-1

[Event "Aeroflot Open 2012 A"]
[Site "Moscow"]
[Date "2012.02.12"]
[Round "6"]
[White "Gupta, Abhijeet"]
[Black "Eljanov, Pavel"]
[Result "0-1"]
[WhiteElo "2652"]
[BlackElo "2690"]
[PlyCount "90"]
[EventDate "2012.02.07"]
[EventType "swiss"]
[EventRounds "9"]
[EventCountry "RUS"]

1. d4 d5 2. c4 c6 3. Nf3 Nf6 4. Nc3 dxc4 5. a4 e6 6. e4 Bb4 7. Bg5 Bxc3+ 8.
bxc3 Qa5 9. e5 Ne4 10. Bd2 Nxd2 11. Qxd2 c5 12. Bxc4 cxd4 13. Qxd4 Nc6 14. Qe3
Bd7 15. O-O Ne7 16. Bb5 Qc7 17. Rfd1 Bxb5 18. axb5 O-O 19. Rac1 Nd5 20. Qd4
Rfd8 21. c4 Nb6 22. Qe4 Rxd1+ 23. Rxd1 h6 24. Rc1 Nd7 25. Qd4 Nc5 26. Rd1 a5
27. bxa6 bxa6 28. Qd6 Qa7 29. h3 Rc8 30. Nd4 Qb7 31. f3 Kh7 32. Kh2 Qb4 33. Nc6
Qxc4 34. Rd4 Qc3 35. Rg4 Nb7 36. Qd7 Qxc6 37. Qxf7 Rg8 38. f4 Qe4 39. Qxe6 Nc5
40. Qd6 Nd3 41. e6 Nf2 42. Rh4 Re8 43. Qxa6 Rxe6 44. Qa7 Qe1 45. f5 Re3 0-1

[Event "Aeroflot Open 2012 A"]
[Site "Moscow"]
[Date "2012.02.12"]
[Round "6"]
[White "Sokolov, Ivan"]
[Black "Andreikin, Dmitry"]
[Result "1/2-1/2"]
[WhiteElo "2641"]
[BlackElo "2688"]
[PlyCount "57"]
[EventDate "2012.02.07"]
[EventType "swiss"]
[EventRounds "9"]
[EventCountry "RUS"]

1. d4 Nf6 2. Nf3 e6 3. c4 c5 4. d5 b5 5. dxe6 fxe6 6. cxb5 d5 7. Bf4 c4 8. Nc3
Bb4 9. Qa4 Bxc3+ 10. bxc3 O-O 11. g3 Ne4 12. Bg2 Qf6 13. Be5 Qe7 14. Qb4 Qxb4
15. cxb4 a6 16. b6 Nc6 17. Bc7 Nc3 18. Ne5 Nxb4 19. Kd2 Ncxa2 20. Rxa2 Nxa2 21.
f4 c3+ 22. Kc2 a5 23. Ra1 Nb4+ 24. Kxc3 Na6 25. Bd6 Rd8 26. Be7 Re8 27. Bd6 Rd8
28. Be7 Re8 29. Bd6 1/2-1/2

[Event "Aeroflot Open 2012 A"]
[Site "Moscow"]
[Date "2012.02.12"]
[Round "6"]
[White "Khalifman, Alexander"]
[Black "Alekseev, Evgeny"]
[Result "1/2-1/2"]
[WhiteElo "2632"]
[BlackElo "2670"]
[PlyCount "37"]
[EventDate "2012.02.07"]
[EventType "swiss"]
[EventRounds "9"]
[EventCountry "RUS"]

1. Nf3 c5 2. c4 Nc6 3. Nc3 e5 4. e3 Nf6 5. Be2 d6 6. d4 cxd4 7. exd4 Bg4 8. Be3
Be7 9. d5 Nb8 10. h3 Bh5 11. g4 Bg6 12. Nd2 Nfd7 13. Nde4 Na6 14. h4 h6 15. h5
Bxe4 16. Nxe4 Nac5 17. Nxc5 Nxc5 18. Bxc5 dxc5 19. Qa4+ 1/2-1/2

[Event "Aeroflot Open 2012 A"]
[Site "Moscow"]
[Date "2012.02.12"]
[Round "6"]
[White "Bu, Xiangzhi"]
[Black "Safarli, Eltaj"]
[Result "1/2-1/2"]
[WhiteElo "2670"]
[BlackElo "2638"]
[PlyCount "39"]
[EventDate "2012.02.07"]
[EventType "swiss"]
[EventRounds "9"]
[EventCountry "RUS"]

1. Nf3 Nf6 2. c4 g6 3. b3 Bg7 4. Bb2 O-O 5. e3 c5 6. Be2 Nc6 7. O-O d5 8. cxd5
Qxd5 9. Nc3 Qd8 10. Rc1 b6 11. d4 cxd4 12. Nb5 Bb7 13. Nfxd4 Nxd4 14. Qxd4 Qxd4
15. Bxd4 Nd5 16. Bxg7 Kxg7 17. Bf3 Rfd8 18. Rfd1 a6 19. Nc7 Nxc7 20. Rxc7
1/2-1/2

[Event "Aeroflot Open 2012 A"]
[Site "Moscow"]
[Date "2012.02.12"]
[Round "6"]
[White "Nepomniachtchi, Ian"]
[Black "Esen, Baris"]
[Result "1/2-1/2"]
[WhiteElo "2735"]
[BlackElo "2534"]
[PlyCount "61"]
[EventDate "2012.02.07"]
[EventType "swiss"]
[EventRounds "9"]
[EventCountry "RUS"]

1. d4 d5 2. c4 c6 3. Nf3 Nf6 4. Nc3 e6 5. Bg5 Nbd7 6. e3 Qa5 7. cxd5 Nxd5 8.
Qd2 Bb4 9. Rc1 h6 10. Bh4 O-O 11. a3 Bxc3 12. bxc3 Qxa3 13. Bd3 Ne7 14. e4 Ng6
15. Bg3 e5 16. O-O Re8 17. h4 exd4 18. cxd4 Nf6 19. e5 Nd5 20. h5 Nf8 21. Nh2
Qb4 22. Qd1 a5 23. Ng4 a4 24. Bh4 Bxg4 25. Qxg4 Qd2 26. Rcd1 Qf4 27. Qh3 a3 28.
Bg3 Qg5 29. Bh4 Qf4 30. Bg3 Qg5 31. Bh4 1/2-1/2

[Event "Aeroflot Open 2012 A"]
[Site "Moscow"]
[Date "2012.02.12"]
[Round "6"]
[White "Sjugirov, Sanan"]
[Black "Jobava, Baadur"]
[Result "1/2-1/2"]
[WhiteElo "2622"]
[BlackElo "2704"]
[PlyCount "139"]
[EventDate "2012.02.07"]
[EventType "swiss"]
[EventRounds "9"]
[EventCountry "RUS"]

1. e4 c6 2. d4 d5 3. e5 Bf5 4. Nd2 e6 5. Nb3 Nd7 6. Nf3 Bg6 7. Be2 Nh6 8. O-O
Nf5 9. Bd2 Rc8 10. Rc1 Bh5 11. h3 Bxf3 12. Bxf3 c5 13. c4 dxc4 14. Rxc4 b5 15.
Ba5 Nb6 16. Rxc5 Bxc5 17. dxc5 Qxd1 18. Rxd1 Nd5 19. Bxd5 exd5 20. Rxd5 h5 21.
a3 Rh6 22. g4 Ne7 23. Rd1 hxg4 24. hxg4 Ra6 25. f3 Nc6 26. Bc3 Ra4 27. Rd6 a5
28. e6 f6 29. g5 fxg5 30. Rd7 Nd8 31. Rxg7 Nxe6 32. Rh7 Rh4 33. Rxh4 gxh4 34.
Bxa5 Kf7 35. Be1 Rd8 36. Bxh4 Rd1+ 37. Kf2 Rb1 38. Ke3 Rxb2 39. Nd2 Ra2 40. Ne4
Rxa3+ 41. Kd2 Nd4 42. Bf2 Nxf3+ 43. Ke2 Ke6 44. c6 Ne5 45. c7 Ra8 46. Bg3 Nc4
47. Kd3 Kd5 48. Nd2 Nb6 49. Bf2 Kc6 50. Nb3 Kxc7 51. Nd4 Ra3+ 52. Ke4 Ra4 53.
Kd3 b4 54. Nb3 Nc8 55. Bc5 Na7 56. Bxa7 Rxa7 57. Kc4 Rb7 58. Nc5 Rb6 59. Nb3
Kd6 60. Nd4 Rb8 61. Nb3 Rb6 62. Na5 Ke6 63. Nb3 Rb8 64. Nc5+ Kf5 65. Kb3 Rb6
66. Nd3 Ke4 67. Nxb4 Kd4 68. Ka3 Kc4 69. Na2 Rb3+ 70. Ka4 1/2-1/2

[Event "Aeroflot Open 2012 A"]
[Site "Moscow"]
[Date "2012.02.12"]
[Round "6"]
[White "Khismatullin, Denis"]
[Black "Zherebukh, Yaroslav"]
[Result "1/2-1/2"]
[WhiteElo "2664"]
[BlackElo "2594"]
[PlyCount "100"]
[EventDate "2012.02.07"]
[EventType "swiss"]
[EventRounds "9"]
[EventCountry "RUS"]

1. d4 d5 2. c4 c6 3. Nc3 Nf6 4. e3 e6 5. Nf3 Nbd7 6. Qc2 Bd6 7. Bd3 O-O 8. O-O
dxc4 9. Bxc4 b5 10. Bd3 Bb7 11. a3 Qe7 12. e4 e5 13. Bg5 exd4 14. Nxd4 g6 15.
Kh1 a6 16. f4 c5 17. Nf5 gxf5 18. e5 Nxe5 19. Rae1 Rfe8 20. fxe5 Bxe5 21. Qf2
Qd6 22. Qxf5 Bxc3 23. Bxf6 Qxf6 24. Qxh7+ Kf8 25. Rxe8+ Rxe8 26. Rxf6 Bxf6 27.
Kg1 c4 28. Qh6+ Ke7 29. Bc2 Rd8 30. Kf1 Bxb2 31. Qe3+ Kf8 32. Qb6 Bxg2+ 33.
Kxg2 Rd2+ 34. Kf3 Rxc2 35. Qxa6 Rc3+ 36. Ke4 Rxa3 37. Qxb5 c3 38. h4 Ra1 39.
Kd3 Rc1 40. h5 Kg7 41. Qg5+ Kh7 42. Qf4 Kg7 43. Qd4+ Kh7 44. Kc4 Re1 45. Qf6 c2
46. Qxf7+ Kh8 47. Qf8+ Kh7 48. Qf5+ Kh8 49. Qxc2 Rc1 50. Qxc1 Bxc1 1/2-1/2

[Event "Aeroflot Open 2012 A"]
[Site "Moscow"]
[Date "2012.02.12"]
[Round "6"]
[White "Bocharov, Dmitry"]
[Black "Zhigalko, Sergei"]
[Result "1/2-1/2"]
[WhiteElo "2611"]
[BlackElo "2658"]
[PlyCount "93"]
[EventDate "2012.02.07"]
[EventType "swiss"]
[EventRounds "9"]
[EventCountry "RUS"]

1. c4 e5 2. g3 Nc6 3. Bg2 Bc5 4. Nc3 d6 5. a3 a6 6. e3 Ba7 7. Nge2 Nge7 8. b4
Bg4 9. h3 Bh5 10. O-O O-O 11. d3 Qd7 12. Kh2 f5 13. f4 Kh8 14. Qd2 Rae8 15. Bb2
Ng8 16. Rae1 Nd8 17. e4 fxe4 18. Nxe4 Bxe2 19. Rxe2 Nc6 20. c5 Nd4 21. Bxd4
exd4 22. Rfe1 h6 23. Qa2 Ne7 24. cxd6 Nf5 25. dxc7 Qxc7 26. Qc4 Qb8 27. Qd5 Ne3
28. Qd6 Qc8 29. Nc5 Rd8 30. Qe7 Bxc5 31. Qxc5 Qd7 32. Qb6 Qf5 33. Be4 Qh5 34.
Qg6 Qxg6 35. Bxg6 b5 36. Be4 g5 37. fxg5 hxg5 38. Ra1 Rf6 39. g4 Rdf8 40. Kg3
Nf1+ 41. Kg2 Ne3+ 42. Kh2 Rh6 43. Kg3 Nf1+ 44. Kg2 Ne3+ 45. Kg3 Nf1+ 46. Kg2
Ne3+ 47. Kg3 1/2-1/2

[Event "Aeroflot Open 2012 A"]
[Site "Moscow"]
[Date "2012.02.12"]
[Round "6"]
[White "Ragger, Markus"]
[Black "Rakhmanov, Aleksandr"]
[Result "1/2-1/2"]
[WhiteElo "2655"]
[BlackElo "2593"]
[PlyCount "53"]
[EventDate "2012.02.07"]
[EventType "swiss"]
[EventRounds "9"]
[EventCountry "RUS"]

1. d4 Nf6 2. c4 g6 3. Nc3 d5 4. cxd5 Nxd5 5. e4 Nxc3 6. bxc3 Bg7 7. Be3 c5 8.
Qd2 Qa5 9. Rc1 cxd4 10. cxd4 Qxd2+ 11. Bxd2 O-O 12. Nf3 Bg4 13. Be3 Bxf3 14.
gxf3 e6 15. Bb5 a6 16. Ba4 b5 17. Bb3 a5 18. a4 bxa4 19. Bxa4 Na6 20. O-O Rfd8
21. d5 exd5 22. Bc6 Nb4 23. Bxa8 Rxa8 24. Rfd1 dxe4 25. fxe4 a4 26. Rc4 a3 27.
Rxb4 1/2-1/2

[Event "Aeroflot Open 2012 A"]
[Site "Moscow"]
[Date "2012.02.12"]
[Round "6"]
[White "Iordachescu, Viorel"]
[Black "Vidit, Santosh Gujrathi"]
[Result "1-0"]
[WhiteElo "2651"]
[BlackElo "2513"]
[PlyCount "86"]
[EventDate "2012.02.07"]
[EventType "swiss"]
[EventRounds "9"]
[EventCountry "RUS"]

1. e4 c6 2. d4 d5 3. e5 Bf5 4. Nf3 e6 5. Be2 Ne7 6. c3 Nd7 7. O-O h6 8. Nbd2 g5
9. Re1 Bg7 10. Nf1 Bg6 11. h3 Nf5 12. Bd3 Qc7 13. a4 c5 14. N1h2 a6 15. a5 Ne7
16. h4 Bxd3 17. Qxd3 c4 18. Qd1 Nc6 19. hxg5 O-O-O 20. Ng4 hxg5 21. Nxg5 Rdf8
22. b4 cxb3 23. Ba3 Nxa5 24. Bxf8 Rxf8 25. Re3 b2 26. Rb1 Nc4 27. Rh3 Ndb6 28.
Qc2 Qe7 29. f4 Qa3 30. Kh2 Qa1 31. Rh7 Rg8 32. Nxf7 Na3 33. Rxa1 bxa1=Q 34. Qg6
Qb1 35. Qxe6+ Kb8 36. Ng5 Rc8 37. Rxg7 Rxc3 38. Qf7 Nc8 39. Qxd5 Nc2 40. Ne4
Rc6 41. Nc5 Rc7 42. Rxc7 Kxc7 43. e6 Nd6 1-0

[Event "Aeroflot Open 2012 A"]
[Site "Moscow"]
[Date "2012.02.12"]
[Round "6"]
[White "Fedoseev, Vladimir"]
[Black "Negi, Parimarjan"]
[Result "1-0"]
[WhiteElo "2525"]
[BlackElo "2641"]
[PlyCount "61"]
[EventDate "2012.02.07"]
[EventType "swiss"]
[EventRounds "9"]
[EventCountry "RUS"]

1. d4 d5 2. c4 c6 3. Nf3 Nf6 4. Nc3 e6 5. Bg5 h6 6. Bxf6 Qxf6 7. e3 g6 8. Bd3
Bg7 9. O-O O-O 10. Ne5 dxc4 11. Nxc4 Qe7 12. Qb3 Rd8 13. Rad1 b6 14. f4 Bb7 15.
Be4 Na6 16. a3 c5 17. d5 exd5 18. Bxd5 Bxd5 19. Nxd5 Qe6 20. f5 gxf5 21. Nf4
Qc6 22. Nh5 b5 23. Nxg7 bxc4 24. Qc3 Kh7 25. Nxf5 Qg6 26. Nd6 f5 27. Qe5 Rg8
28. g3 Rad8 29. Rxf5 Rg7 30. Rf6 Qg4 31. Rdf1 1-0

[Event "Aeroflot Open 2012 A"]
[Site "Moscow"]
[Date "2012.02.12"]
[Round "6"]
[White "Grigoryan, Karen H"]
[Black "Socko, Bartosz"]
[Result "1/2-1/2"]
[WhiteElo "2482"]
[BlackElo "2636"]
[PlyCount "61"]
[EventDate "2012.02.07"]
[EventType "swiss"]
[EventRounds "9"]
[EventCountry "RUS"]

1. d4 Nf6 2. c4 e6 3. Nc3 Bb4 4. Qc2 d5 5. a3 Bxc3+ 6. Qxc3 dxc4 7. Qxc4 b6 8.
Nf3 Ba6 9. Qa4+ Qd7 10. Qc2 O-O 11. Bg5 Rc8 12. Bxf6 gxf6 13. h4 c5 14. Rh3
cxd4 15. Rg3+ Kh8 16. Qd2 Qe7 17. Qh6 Rg8 18. Rxg8+ Kxg8 19. Nxd4 Nd7 20. Rc1
Rc8 21. Rxc8+ Bxc8 22. Qc1 Bb7 23. Qc7 Qc5 24. Nxe6 fxe6 25. Qxd7 Qc1+ 26. Qd1
Qxb2 27. Qd8+ Kf7 28. Qd7+ Kf8 29. f3 Qc3+ 30. Kf2 Qc5+ 31. e3 1/2-1/2

[Event "Aeroflot Open 2012 A"]
[Site "Moscow"]
[Date "2012.02.12"]
[Round "6"]
[White "Kobalia, Mikhail"]
[Black "Sethuraman, S.P."]
[Result "1/2-1/2"]
[WhiteElo "2673"]
[BlackElo "2529"]
[PlyCount "149"]
[EventDate "2012.02.07"]
[EventType "swiss"]
[EventRounds "9"]
[EventCountry "RUS"]

1. e4 e5 2. Nf3 Nc6 3. Bb5 Nf6 4. d3 d6 5. O-O Be7 6. c3 O-O 7. Re1 Bd7 8. Ba4
Re8 9. Nbd2 Bf8 10. Nf1 h6 11. Ng3 Ne7 12. Bc2 Ng6 13. d4 c5 14. h3 Qc7 15. Be3
b5 16. Nh2 exd4 17. cxd4 d5 18. dxc5 Bxc5 19. Bxc5 Qxc5 20. Rc1 Qb4 21. exd5
Nf4 22. Bb3 a5 23. Rxe8+ Rxe8 24. a3 Qd6 25. Nhf1 a4 26. Ba2 b4 27. axb4 Qxb4
28. Qd2 Qxd2 29. Nxd2 N4xd5 30. Rd1 Nb4 31. Bc4 Bc6 32. Nf5 Bd5 33. Bb5 Bc6 34.
Bc4 Bd5 35. Ra1 Bxc4 36. Nxc4 Nd3 37. Rxa4 Re1+ 38. Kh2 Nxf2 39. Ncd6 N6e4 40.
Nxe4 Nxe4 41. Ra8+ Kh7 42. Re8 Rf1 43. Ne3 Rf4 44. g3 Nd6 45. gxf4 Nxe8 46. Kg3
Nd6 47. f5 g6 48. Kf4 f6 49. fxg6+ Kxg6 50. b4 Kh5 51. h4 Nb5 52. Nf5 Na3 53.
Kg3 Nb5 54. Kh3 Kg6 55. Kg4 h5+ 56. Kf4 Kf7 57. Ke4 Kg6 58. Ng3 Nc3+ 59. Kf3
Nb5 60. Ne2 Kf5 61. Nf4 Nd4+ 62. Kg3 Ke5 63. Nxh5 Nf5+ 64. Kg4 Ne3+ 65. Kg3
Nf5+ 66. Kh3 Kd4 67. Nf4 Kc4 68. h5 Kxb4 69. Nd5+ Kc5 70. Nxf6 Kd6 71. Kg4 Ke6
72. Kg5 Ne7 73. h6 Kf7 74. Ne8 Kg8 75. Nf6+ 1/2-1/2

[Event "Aeroflot Open 2012 A"]
[Site "Moscow"]
[Date "2012.02.12"]
[Round "6"]
[White "Robson, Ray"]
[Black "Le, Quang Liem"]
[Result "1-0"]
[WhiteElo "2596"]
[BlackElo "2714"]
[PlyCount "87"]
[EventDate "2012.02.07"]
[EventType "swiss"]
[EventRounds "9"]
[EventCountry "RUS"]

1. e4 c5 2. Nc3 d6 3. f4 g6 4. Nf3 Bg7 5. Bc4 Nc6 6. O-O Nf6 7. Qe1 O-O 8. d3
Nd4 9. Nxd4 cxd4 10. Nd5 Nxd5 11. Bxd5 e6 12. Bb3 a5 13. a4 Bd7 14. Bd2 Kh8 15.
Rf2 Qb6 16. Re2 Qc7 17. Qh4 f5 18. Rae1 fxe4 19. Rxe4 d5 20. Rxe6 Bxe6 21. Rxe6
Rae8 22. Rxe8 Rxe8 23. Qg5 b6 24. Kf1 Qd7 25. Qxd5 Qg4 26. Qf3 Qxf3+ 27. gxf3
Bh6 28. Kf2 Bf8 29. Bd5 Bd6 30. c3 Rf8 31. cxd4 Bxf4 32. Bc3 Bxh2 33. Be6 h5
34. d5+ Kh7 35. b4 b5 36. bxa5 bxa4 37. Bb4 Rb8 38. Ba3 Rb3 39. a6 Rb5 40. d6
Ra5 41. d7 Bc7 42. Bc4 Bb6+ 43. Kf1 h4 44. Bb4 1-0

[Event "Aeroflot Open 2012 A"]
[Site "Moscow"]
[Date "2012.02.12"]
[Round "6"]
[White "Jumabayev, Rinat"]
[Black "Akopian, Vladimir"]
[Result "1/2-1/2"]
[WhiteElo "2573"]
[BlackElo "2685"]
[PlyCount "121"]
[EventDate "2012.02.07"]
[EventType "swiss"]
[EventRounds "9"]
[EventCountry "RUS"]

1. d4 Nf6 2. c4 e6 3. Nf3 Bb4+ 4. Bd2 c5 5. Bxb4 cxb4 6. g3 O-O 7. Bg2 d6 8.
O-O a5 9. a3 Na6 10. axb4 Nxb4 11. Nc3 b6 12. Ne1 d5 13. Nc2 Ba6 14. Ne3 Bb7
15. Qd2 Rb8 16. Rfd1 Qd7 17. cxd5 Nfxd5 18. Ncxd5 Nxd5 19. Nc4 Rfc8 20. Rac1
Ba6 21. Ne5 Qd6 22. h4 f6 23. Nd3 Rxc1 24. Rxc1 Rc8 25. Rxc8+ Bxc8 26. e4 Ne7
27. Qc3 Bb7 28. Nf4 Ng6 29. Nd3 Qc6 30. Qb3 Ba6 31. h5 a4 32. Qa3 Qc2 33. hxg6
Bxd3 34. Qe7 Qd1+ 35. Kh2 Qh5+ 36. Kg1 Qd1+ 37. Kh2 Qh5+ 38. Bh3 hxg6 39. Qxe6+
Kh7 40. d5 f5 41. g4 Qh4 42. exf5 Qxf2+ 43. Kh1 gxf5 44. gxf5 Qf3+ 45. Kh2 Qf4+
46. Kg1 Qc1+ 47. Kh2 Qf4+ 48. Kg1 Qc1+ 49. Kh2 Qxb2+ 50. Bg2 Qf6 51. d6 Bb5 52.
Bd5 Kh6 53. Qe3+ Qg5 54. Qe6+ Qf6 55. Qe3+ Kh7 56. Qe6 Qh4+ 57. Kg2 Qg4+ 58.
Kh2 Qf4+ 59. Kg2 Qg4+ 60. Kh2 Qh4+ 61. Kg2 1/2-1/2

[Event "Aeroflot Open 2012 A"]
[Site "Moscow"]
[Date "2012.02.12"]
[Round "6"]
[White "Ghaem Maghami, Ehsan"]
[Black "Iturrizaga, Eduardo"]
[Result "1/2-1/2"]
[WhiteElo "2570"]
[BlackElo "2649"]
[PlyCount "39"]
[EventDate "2012.02.07"]
[EventType "swiss"]
[EventRounds "9"]
[EventCountry "RUS"]

1. d4 Nf6 2. c4 e6 3. Nf3 c5 4. e3 d5 5. Nc3 a6 6. cxd5 exd5 7. Be2 Nc6 8. O-O
Bd6 9. dxc5 Bxc5 10. a3 O-O 11. b4 Ba7 12. Bb2 d4 13. exd4 Nxd4 14. Nxd4 Bxd4
15. Bf3 Rb8 16. Na4 Bxb2 17. Nxb2 Bf5 18. Rc1 Ne4 19. Re1 Qf6 20. Bxe4 1/2-1/2

[Event "Aeroflot Open 2012 A"]
[Site "Moscow"]
[Date "2012.02.12"]
[Round "6"]
[White "Zhigalko, Andrey"]
[Black "Nisipeanu, Liviu-Dieter"]
[Result "0-1"]
[WhiteElo "2576"]
[BlackElo "2647"]
[PlyCount "68"]
[EventDate "2012.02.07"]
[EventType "swiss"]
[EventRounds "9"]
[EventCountry "RUS"]

1. d4 Nf6 2. c4 e6 3. Nc3 Bb4 4. Qc2 O-O 5. e4 c5 6. e5 Nc6 7. Nf3 cxd4 8. a3
Nxe5 9. axb4 Nxf3+ 10. gxf3 dxc3 11. Rg1 cxb2 12. Bxb2 Ne8 13. f4 Qe7 14. b5 d6
15. Rg3 f5 16. Bg2 Rf7 17. Qd2 a6 18. Qd4 e5 19. fxe5 f4 20. Rd3 Bf5 21. Bd5
dxe5 22. Qc3 Bxd3 23. Qxd3 Nf6 24. Bxf7+ Kxf7 25. bxa6 Rxa6 26. Rxa6 bxa6 27.
Qb3 Qc5 28. Ba3 Qc6 29. f3 g5 30. c5+ Kg6 31. Qb6 Qxf3 32. Bb2 Qe3+ 33. Kf1
Qd3+ 34. Kg1 f3 0-1

[Event "Aeroflot Open 2012 A"]
[Site "Moscow"]
[Date "2012.02.12"]
[Round "6"]
[White "Ni, Hua"]
[Black "Morovic Fernandez, Ivan"]
[Result "1/2-1/2"]
[WhiteElo "2641"]
[BlackElo "2582"]
[PlyCount "77"]
[EventDate "2012.02.07"]
[EventType "swiss"]
[EventRounds "9"]
[EventCountry "RUS"]

1. e4 c5 2. Nf3 d6 3. d4 cxd4 4. Nxd4 Nf6 5. Nc3 Nc6 6. Bg5 e6 7. Qd2 Be7 8.
O-O-O Nxd4 9. Qxd4 O-O 10. f4 Qa5 11. e5 dxe5 12. Qxe5 Qxe5 13. fxe5 Nd5 14.
Bxe7 Nxe7 15. Bd3 Nc6 16. Rhe1 Rd8 17. Be4 Bd7 18. Nb5 Rab8 19. Nd6 Nxe5 20.
Nxb7 Rdc8 21. Nd6 Rc5 22. a3 f6 23. b4 Rc7 24. Rd4 a5 25. g3 Kf8 26. bxa5 Ra7
27. Rb4 Rd8 28. Rd1 Bc6 29. Nb5 Rxd1+ 30. Kxd1 Rxa5 31. a4 Be8 32. Kd2 Ke7 33.
c4 Bc6 34. c5 Ra8 35. Nc3 Kd7 36. Rd4+ Ke7 37. Rb4 Kd7 38. Rd4+ Ke7 39. Rb4
1/2-1/2